| Tag |
First Indicator |
Second Indicator |
Subfields |
| LEADER |
00000cam a2200000 a 4500 |
| 001 |
in00001645821 |
| 005 |
20151023124117.0 |
| 008 |
020125s2001 wau 101 0 eng d |
| 020 |
|
|
|a 081944314X
|
| 035 |
|
|
|a (OCoLC)ocm48860911
|
| 040 |
|
|
|a CUS
|c CUS
|d TXA
|d UtOrBLW
|
| 049 |
|
|
|a TXAM
|
| 090 |
|
|
|a TK5103.59
|b .A673 2001
|
| 111 |
2 |
|
|a APOC (Conference)
|d (2001 :
|c Beijing, China)
|
| 245 |
1 |
0 |
|a Optical network design and management :
|b APOC 2001, Asia-Pacific optical and wireless communications, 13-15 November 2001, Beijing, Chnia /
|c Xiaomin Ren, Tomonori Aoyama, chairs/editors ; organized by SPIE--the International Society for Optical Engineering [and others] ; sponsored by Credit Suisse First Boston (CSFB) Technology Group (USA) [and others] ; cooperating organizations, AOS--Australia[n] Optical Society [and others] ; supported by Telecom World (China) [and] Optronics (Japan).
|
| 246 |
3 |
0 |
|a APOC 2001
|
| 246 |
3 |
0 |
|a Asia-Pacific optical and wireless communications
|
| 246 |
3 |
|
|a Asia Pacific optical and wireless communications
|
| 264 |
|
1 |
|a Bellingham, Washington :
|b SPIE,
|c [2001]
|
| 264 |
|
4 |
|c ©2001
|
| 300 |
|
|
|a ix, 274 pages :
|b illustrations ;
|c 28 cm.
|
| 336 |
|
|
|a text
|b txt
|2 rdacontent
|
| 337 |
|
|
|a unmediated
|b n
|2 rdamedia
|
| 338 |
|
|
|a volume
|b nc
|2 rdacarrier
|
| 490 |
1 |
|
|a Proceedings / SPIE--the international society for optical engineering ;
|v v. 4584
|
| 504 |
|
|
|a Includes bibliographical references and index.
|
| 650 |
|
0 |
|a Optical communications
|v Congresses.
|
| 650 |
|
0 |
|a Multiplexing
|v Congresses.
|
| 650 |
|
0 |
|a Routers (Computer networks)
|x Design and construction
|v Congresses.
|
| 650 |
|
0 |
|a Telecommunication systems
|x Management
|v Congresses.
|
| 700 |
1 |
|
|a Ren, Xiaomin.
|
| 700 |
1 |
|
|a Aoyama, Tomonori.
|
| 710 |
2 |
|
|a Credit Suisse First Boston.
|b Technology Group.
|
| 710 |
2 |
|
|a Australian Optical Society.
|
| 710 |
2 |
|
|a Tong xun shi jie (China)
|
| 710 |
2 |
|
|a Oputoronikususha.
|
| 710 |
2 |
|
|a Society of Photo-optical Instrumentation Engineers.
|
| 830 |
|
0 |
|a Proceedings of SPIE--the International Society for Optical Engineering ;
|v v. 4584.
|
| 948 |
|
|
|a cataloged
|b h
|c 2002/2/15
|d c
|e dmitchel
|f 9:44:20 am
|
| 994 |
|
|
|a E0
|b TXA
|
| 999 |
|
|
|a MARS
|
| 999 |
f |
f |
|s b6f0f618-7c1a-321a-a112-e644097c219f
|i 3226c4ba-c8bd-3ebb-b7c0-163cbc1bc714
|t 0
|
| 952 |
f |
f |
|p ric
|a Texas A&M University
|b Rellis Campus
|c Joint Library Facility
|d Remote Storage
|t 0
|e TK5103.59 .A673 2001
|h Library of Congress classification
|i unmediated -- volume
|m A14828462443
|
| 998 |
f |
f |
|a TK5103.59 .A673 2001
|t 0
|l Remote Storage
|